| 000 | 00757cam a22002653a 4500 | ||
|---|---|---|---|
| 001 | 4511 | ||
| 003 | PGUSA | ||
| 005 | 20140828083057.0 | ||
| 008 | 031001s2003||||xxu|||||s|||||000 | eng d | ||
| 040 |
_aPGUSA _beng |
||
| 042 | _adc | ||
| 050 | 4 | _aQL | |
| 100 | 1 |
_aMaeterlinck, Maurice, _d1862-1949 |
|
| 245 | 1 | 4 |
_aThe Life of the Bee _h[electronic resource] / _cMaurice Maeterlinck |
| 260 |
_bProject Gutenberg, _c2003 |
||
| 500 | _aTranslation of: La vie des abeilles | ||
| 506 | _aPublic domain in the USA. | ||
| 516 | _aElectronic text | ||
| 653 | _aBees | ||
| 700 | 1 |
_aSutro, Alfred, _d1863-1933 |
|
| 740 | 0 | _aLa vie des abeilles. English | |
| 830 | 0 |
_aProject Gutenberg _v4511 |
|
| 856 | 4 | 0 | _uhttp://www.gutenberg.org/ebooks/4511 |
| 942 | _cEB | ||
| 999 |
_c233840 _d233840 |
||